La acción exterior de las comunidades autónomas: balance de una práctica consolidada / (Record no. 150269)
[ view plain ]
| 000 -LEADER | |
|---|---|
| fixed length control field | nam a22 7a 4500 |
| 005 - DATE AND TIME OF LATEST TRANSACTION | |
| control field | 20190809154121.0 |
| 008 - FIXED-LENGTH DATA ELEMENTS--GENERAL INFORMATION | |
| fixed length control field | 190809b sp ||||| |||| 00| 0 spa d |
| 020 ## - INTERNATIONAL STANDARD BOOK NUMBER | |
| International Standard Book Number | 8488910282 |
| 050 04 - LIBRARY OF CONGRESS CALL NUMBER | |
| Classification number | KKT2400 |
| Item number | F47 2001 |
| 100 1# - MAIN ENTRY--PERSONAL NAME | |
| Personal name | Fernández de Casadevante Romani, Carlos, |
| Relator term | autor |
| 245 13 - TITLE STATEMENT | |
| Title | La acción exterior de las comunidades autónomas: balance de una práctica consolidada / |
| Statement of responsibility, etc | / Carlos Fernández de Casadevante Romani. |
| 250 ## - EDITION STATEMENT | |
| Edition statement | 1a ed. |
| 260 ## - PUBLICATION, DISTRIBUTION, ETC. (IMPRINT) | |
| Place of publication, distribution, etc | Madrid : |
| Name of publisher, distributor, etc | Universidad Rey Juan carlos : |
| -- | Dilex, |
| Date of publication, distribution, etc | 2001 |
| 300 ## - PHYSICAL DESCRIPTION | |
| Extent | 797 p. ; |
| 650 #4 - SUBJECT ADDED ENTRY--TOPICAL TERM | |
| Topical term or geographic name as entry element | Comunidades autónomas |
| Geographic subdivision | España |
| General subdivision | Competencia en relaciones internacionales |
| 650 #7 - SUBJECT ADDED ENTRY--TOPICAL TERM | |
| Source of heading or term | lemb |
| Topical term or geographic name as entry element | Derecho internacional |
| 942 ## - ADDED ENTRY ELEMENTS (KOHA) | |
| Source of classification or shelving scheme | Biblioteca del Cogreso de los Estados Unidos |
| Koha item type | Libro |
| Estado de pérdida | Fuente de clasificación | Estado del daño | No para préstamo | Ubicación permanente | Ubicación actual | Apartado o colección | Fecha de adquisición | Edición | Dependencia de educación superior (DES) | Área del conocimiento | Clasificación | Código de Barras | Date last seen | Número de copia | Costo por reposición | Tipo de recurso |
|---|---|---|---|---|---|---|---|---|---|---|---|---|---|---|---|---|
| Biblioteca del Cogreso de los Estados Unidos | Biblioteca del Posgrado en Derecho | Biblioteca del Posgrado en Derecho | General | 09/08/2019 | 1a ed. | Derecho | Ciencias Sociales y Administrativas | KKT2400 F47 2001 | BPD000000725 | 09/08/2019 | 1 | 1.00 | Libro |